Trolibuszok a hatos vonalon
Elmentve itt :
| Dokumentumtípus: | Cikk |
|---|---|
| Megjelent: |
1982-11-06
|
| Sorozat: | Délmagyarország
72 No. 261 |
| Kulcsszavak: | villamos, troli |
| Online Access: | http://dmarchiv.bibl.u-szeged.hu/109880 |
| LEADER | 00399nab a2200145 i 4500 | ||
|---|---|---|---|
| 001 | delm109880 | ||
| 005 | 20190620125846.0 | ||
| 008 | 190620s1982 hu o 0|| hun d | ||
| 040 | |a SZTE Délmagyarország Archívum |b hun | ||
| 041 | |a hun | ||
| 245 | 0 | 0 | |a Trolibuszok a hatos vonalon |h [elektronikus dokumentum] |
| 260 | |c 1982-11-06 | ||
| 300 | |a 1 | ||
| 490 | 0 | |a Délmagyarország |v 72 No. 261 | |
| 695 | |a villamos, troli | ||